| 000 | 00573nam a22001697a 4500 | ||
|---|---|---|---|
| 005 | 20251108165359.0 | ||
| 008 | 250721s2002 xx 000 0 ara d | ||
| 082 | 1 | 4 | _a216.91/رما |
| 100 | 1 | _aأبو رمان، محمد سليمان | |
| 245 | 1 | 0 |
_aالسلطة السياسية في الفكر الإسلامي : _bمحمد رشيد رضا نموذجاً / |
| 264 | 1 |
_aعمان : _bدار البيارق، _c2002. |
|
| 300 | _a295ص. | ||
| 650 | 1 | 7 | _aالسلطة السياسية |
| 650 | 1 | 7 | _aالأحكام السلطانية |
| 942 |
_2ddc _cBK |
||
| 999 |
_c26539 _d26539 |
||